Recopilación de cuentos mayas / (Record no. 88382)
[ view plain ]
| 000 -LEADER | |
|---|---|
| campo de control de longitud fija | 01426nam a2200349Ma 4500 |
| 001 - NÚMERO DE CONTROL | |
| campo de control | 104098 |
| 005 - FECHA Y HORA DE LA ÚLTIMA TRANSACCIÓN | |
| campo de control | 20230410132824.0 |
| 008 - DATOS DE LONGITUD FIJA--INFORMACIÓN GENERAL | |
| campo de control de longitud fija | 060124s2005 mx a g 000 j spa d |
| 035 ## - NÚMERO DE CONTROL DEL SISTEMA | |
| Número de control de sistema | (OCoLC)ocn651367132 |
| 040 ## - FUENTE DE CATALOGACIÓN | |
| Centro catalogador/agencia de origen | BNMEX |
| Lengua de catalogación | spa |
| Centro/agencia transcriptor | BNMEX |
| 020 ## - NÚMERO INTERNACIONAL ESTÁNDAR DEL LIBRO | |
| Número Internacional Estándar del Libro | 9703227538 |
| 020 ## - NÚMERO INTERNACIONAL ESTÁNDAR DEL LIBRO | |
| Número Internacional Estándar del Libro | 9789703227532 |
| 035 ## - NÚMERO DE CONTROL DEL SISTEMA | |
| Número de control de sistema | (OCoLC)651367132 |
| 082 04 - NÚMERO DE LA CLASIFICACIÓN DECIMAL DEWEY | |
| Número de clasificación | 863.08 |
| Número de ítem | LUN.c.29 |
| 049 ## - FONDOS LOCALES (OCLC) | |
| Biblioteca depositaria | GRAL |
| 050 14 - SIGNATURA TOPOGRÁFICA DE LA BIBLIOTECA DEL CONGRESO | |
| Número de clasificación | 1erAPT1erB272 r2005 |
| 100 1# - ENTRADA PRINCIPAL--NOMBRE DE PERSONA | |
| Nombre de persona | Barrera Vázquez, Alfredo. |
| 245 10 - MENCIÓN DEL TÍTULO | |
| Título | Recopilación de cuentos mayas / |
| Mención de responsabilidad, etc. | Alfredo Barrera Vâazquez ; viñetas Alfredo Zalce. |
| 250 ## - MENCION DE EDICION | |
| Mención de edición | Ed. facs. |
| 260 ## - PUBLICACIÓN, DISTRIBUCIÓN, ETC. | |
| Lugar de publicación, distribución, etc. | México : |
| Nombre del editor, distribuidor, etc. | UNAM, Direción General de Publicaciones y Fomento Editorial, |
| Fecha de publicación, distribución, etc. | 2005. |
| 300 ## - DESCRIPCIÓN FÍSICA | |
| Extensión | 34 [1] p. : |
| Otras características físicas | il. ; |
| Dimensiones | 21 cm. en caja 22 x 14 x 13 cm. |
| 490 1# - MENCIÓN DE SERIE | |
| Mención de serie | Colección "Lunes" ; |
| Designación de volumen o secuencia | 29 |
| 500 ## - NOTA GENERAL | |
| Nota general | En el colofón: "En los Talleres de la Editorial Costa-Amic, se terminó de imprimir el 30 de enero de 1947, el vigésimo nono número de la colección "Lunes", que editan Pablo y Henrique González-Casanova". |
| 534 ## - NOTA SOBRE LA VERSIÓN ORIGINAL | |
| Frase introductoria | Fascímil de: |
| Publicación, distribución, etc. del original | Mâexico : Talleres de la Editorial Costa-Amic, 1947. |
| 700 12 - ENTRADA AGREGADA--NOMBRE PERSONAL | |
| Nombre de persona | Zalce, Alfredo |
| Fechas asociadas al nombre | 1908- |
| Término indicativo de función/relación | il. |
| 710 22 - ENTRADA AGREGADA--NOMBRE DE ENTIDAD CORPORATIVA | |
| Nombre de entidad corporativa o nombre de jurisdicción como elemento de entrada | Universidad Nacional Autónoma de México |
| Unidad subordinada | Dirección General de Publicaciones y Fomento Editorial. |
| 830 #0 - PUNTO DE ACCESO ADICIONAL DE SERIE-TÍTULO UNIFORME | |
| Título uniforme | Colección "Lunes" ; |
| Designación de volumen o secuencia | 29. |
| 942 ## - ELEMENTOS DE ENTRADA SECUNDARIOS (KOHA) | |
| Fuente del sistema de clasificación o colocación | Clasificación de Library of Congress |
| 946 ## - PROCESAMIENTO DE INFORMACIÓN LOCAL (OCLC) | |
| a | KK |
| 994 ## - | |
| -- | C0 |
| -- | DRFGD |
| Estatus retirado | Estado de pérdida | Fuente del sistema de clasificación o colocación | Estado de daño | No para préstamo | Colección | Biblioteca de origen | Biblioteca actual | Ubicación en estantería | Fecha de adquisición | Signatura topográfica completa | Código de barras | Visto por última vez | Copia número | Tipo de ítem Koha |
|---|---|---|---|---|---|---|---|---|---|---|---|---|---|---|
| Clasificación de Library of Congress | Automatización y Procesos Técnicos | Biblioteca Juan Bosch | Biblioteca Juan Bosch | Automatización y Procesos Técnicos (1er. Piso) | 10/04/2023 | B272 r2005 | 00000074134 | 17/11/2018 | 1 |
